Online
Catalog

Efectos de la migración internacional en las comunidades de origen del suroeste de la República Dominicana / (Record no. 3883)

MARC details
000 -CABECERA
campo de control de longitud fija 01800nam a2200325 a 4500
001 - NÚMERO DE CONTROL
campo de control 000004064
005 - FECHA Y HORA DE LA ÚLTIMA TRANSACCIÓN
campo de control 20200929150704.0
008 - DATOS DE LONGITUD FIJA--INFORMACIÓN GENERAL
campo de control de longitud fija 090716s2009 dr abd 001 0 spa d
020 ## - NÚMERO INTERNACIONAL ESTÁNDAR DEL LIBRO
Número Internacional Estándar del Libro 9789945427691
040 ## - FUENTE DE LA CATALOGACIÓN
Centro catalogador/agencia de origen DO-SdBNP
Lengua de catalogación spa
Centro/agencia transcriptor BNPHU
082 ## - NÚMERO DE LA CLASIFICACIÓN DECIMAL DEWEY
Número de clasificación 325.21097293
Número de documento/Ítem E27m
245 00 - MENCIÓN DE TÍTULO
Título Efectos de la migración internacional en las comunidades de origen del suroeste de la República Dominicana /
Mención de responsabilidad, etc. dirección Gonzalo Ramírez de Haro ; Dolores Brandis, Teresa Cañedo Argüelles, Teba Castaño, Luis Escolano.
260 ## - PUBLICACIÓN, DISTRIBUCIÓN, ETC.
Lugar de publicación, distribución, etc. Santo Domingo :
Nombre del editor, distribuidor, etc. IPGH :
-- Fundación Carolina,
Fecha de publicación, distribución, etc. 2009.
300 ## - DESCRIPCIÓN FÍSICA
Extensión 258 p. :
Otras características físicas il., gráfcs., mapas ;
Dimensiones 23 cm.
500 ## - NOTA GENERAL
Nota general Incluye datos biográficos de los autores: p. 255-258.
504 ## - NOTA DE BIBLIOGRAFÍA, ETC.
Nota de bibliografía, etc. Incluye referencias bibliográficas y notas al pie de páginas.
504 ## - NOTA DE BIBLIOGRAFÍA, ETC.
Nota de bibliografía, etc. Bibliografía : p.237-251.
505 0# - NOTA DE CONTENIDO CON FORMATO
Información miscelánea Presentación /
Mención de responsabilidad Bolívar Troncoso --
Título El Valle de Neiba --
-- El proceso migratorio hacia España y sus efectos sobre los niveles de pobreza en el Valle de Neiba --
-- Otros efectos en la localidad de Vicente Noble --
-- Los actores de cambio y codesarrollo --
Información miscelánea Conclusiones y propuesta --
-- Bibliografía --
-- Autores.
590 ## - NOTA LOCAL (RLIN)
Nota local Inventariado, 2018/BT
651 #4 - PUNTO DE ACCESO ADICIONAL DE MATERIA--NOMBRE GEOGRÁFICO
Nombre geográfico República Dominicana
Subdivisión general Migración E Inmigración
-- Aspectos Económicos
Subdivisión cronológica SIGLO XX
9 (RLIN) 12121
650 #4 - PUNTO DE ACCESO ADICIONAL DE MATERIA--TÉRMINO DE MATERIA
Término de materia o nombre geográfico como elemento de entrada Movimiento de capitales
Subdivisión geográfica República Dominicana
9 (RLIN) 12122
700 1# - PUNTO DE ACCESO ADICIONAL--NOMBRE DE PERSONA
Nombre de persona Ramírez de Haro, Gonzalo,
Término indicativo de función/relación dir.
9 (RLIN) 12123
700 1# - PUNTO DE ACCESO ADICIONAL--NOMBRE DE PERSONA
Nombre de persona Brandis, Dolores
9 (RLIN) 12124
700 1# - PUNTO DE ACCESO ADICIONAL--NOMBRE DE PERSONA
Nombre de persona Cañedo Argüelles, Teresa
9 (RLIN) 12125
700 1# - PUNTO DE ACCESO ADICIONAL--NOMBRE DE PERSONA
Nombre de persona Castaño, Teba
9 (RLIN) 12126
700 1# - PUNTO DE ACCESO ADICIONAL--NOMBRE DE PERSONA
Nombre de persona Escolano, Luis
9 (RLIN) 12127
710 2# - PUNTO DE ACCESO ADICIONAL--NOMBRE DE ENTIDAD CORPORATIVA
Nombre de entidad corporativa o nombre de jurisdicción como elemento de entrada Instituto Panamericano de Geografía e Historia
Unidad subordinada Sección Nacional de República Dominicana
9 (RLIN) 12128
710 2# - PUNTO DE ACCESO ADICIONAL--NOMBRE DE ENTIDAD CORPORATIVA
Nombre de entidad corporativa o nombre de jurisdicción como elemento de entrada Fundación Carolina (CeCALCI)
9 (RLIN) 12129
910 ## - DATOS DE OPCIÓN DEL USUARIO (OCLC)
Datos de opción del usuario Validado. Control de calidad. EMS
Holdings
Estado de retiro Estado de pérdida Restricciones de uso No para préstamo Código de colección Localización permanente Ubicación/localización actual Ubicación en estantería Fecha de adquisición Número de inventario Total de préstamos Signatura topográfica completa Código de barras Fecha visto por última vez Número de copia Precio válido a partir de Tipo de ítem Koha
        Dominicana de Servicio General General Depósito 16.07.2009 LF1   325.21097293 E27m 4064-30 25.06.2020 e. 3 25.06.2020 Libro y Folleto Colección Dominicana de Servicio
      Excluido de préstamo Patrimonio Dominicano Patrimonio Dominicano Patrimonio Dominicano Depósito 16.07.2009 LF1   325.21097293 E27m 4064-10 25.06.2020   25.06.2020 Libro y Folleto Colección Patrimonio Dominicano
      Excluido de préstamo Patrimonio Dominicano Patrimonio Dominicano Patrimonio Dominicano Depósito 16.07.2009 LF1   325.21097293 E27m 4064-20 25.06.2020 e. 2 25.06.2020 Libro y Folleto Colección Patrimonio Dominicano

Powered by Koha